000 02057nam0a2200373 4500
001 RU\NLR\bibl\494334
005 20260525094633.0
010 _a5-94500-011-6
_9500
035 _a(NLR Aleph) 000486979
090 _a1089430
_c1089430
100 _a20040226d2002 u y0rusy50 ca
101 0 _arus
102 _aRU
105 _aach |||||||||
200 1 _aВасилий Алексеевич Малышев
_dVasilij Alekseevich Malyshev
_fА.К. Иорданишвили, К.А. Вураки, А.А. Несмеянов
_zeng
210 _aСПб.
_cНордмед Плюс
_d2002
215 _a59 с.
_cил., портр., факс.
_d20
225 1 _aСветила отечественной стоматологии
300 _aАвт. также на англ. яз.: A.K. Yordanishvili, K.A. Vuraki, A.A. Nesmejanov
300 _aНа с. 6 авт.: А.К. Иорданишвили, д.м.н., проф., К.А. Вураки, акад. МАИ, РаМТН, МАНЭБ, РАЕН и Amer. ref. acad.'s (ARA) college of intern. relations, проф., д.м.н., лауреат премии им. Чижевского и "Звезды Вернадского", А.А. Несмеянов, д.м.н., проф., акад. РАЕН
320 _aБиблиогр. указ. осн. науч. и учеб.-метод. работ проф. В.А. Малышева и лит. о нем: с. 44-46
600 1 _aМалышев
_bВ. А.
_f1922 - 2006
_gВасилий Алексеевич
_92320964
_3RU\NLR\auth\661388522
600 1 _aМалышев
_bВ. А.
_f1922-
_gВасилий Алексеевич
_2psbo
686 _aР.г(2)7д Малышев
686 _aР665.83
700 1 _aИорданишвили
_bА. К.
_4070
701 1 _aВураки
_bК. А.
_4070
701 1 _4070
_7ca
_8rus
_aНесмеянов
_bА. А.
_f1945-
_gАнатолий Александрович
_92710409
_3RU\NLR\AUTH\770294029
801 0 _aRU
_bNLR
_c20040226
_gPSBO
801 1 _aRU
_bNLR
_c20040226
942 _cBOOK
980 _aNB